Extrakcia názvoslovných entít z textu a zlučovanie skloňovaných tvarov názvoslovných entít

Saved in:
Bibliographic Details
Main Author: Blanárik, Michal, 1990- (Author)
Other Authors: Laclavík, Michal, 1976- (Thesis advisor)
Format: Manuscript Book
Language:Slovak
Published: Bratislava : STU v Bratislave FIIT, 2013
Subjects:
Online Access:VAIS
Tags: Add Tag
No Tags, Be the first to tag this record!

MARC

LEADER 00000ntm a22000003a 4500
001 stu275714
005 20150617230238.5
008 131005s2013----xo------------------slo-d
040 |a STU  |b slo 
041 0 |a slo 
044 |a xo 
100 1 |a Blanárik, Michal,  |d 1990-  |4 aut  |u I  |T FIIT Fakulta informatiky a informačných technológií  |X 64306  |U I  |Y 70  |7 A000064306 
242 0 0 |a Named Entity Recognition and Merging Inflected Forms of Named Entities  |y eng 
245 1 |a Extrakcia názvoslovných entít z textu a zlučovanie skloňovaných tvarov názvoslovných entít 
260 |a Bratislava :  |b STU v Bratislave FIIT,  |c 2013 
300 |a 55 s  |c príl. 
650 7 |a informatika  |2 stusub 
650 7 |a Informatics  |2 estusub 
700 1 |a Laclavík, Michal,  |d 1976-  |4 ths  |u I200  |U FIIT Fakulta informatiky a informačných technológií  |T FIIT Ústav informatiky a softvérového inžinierstva  |X 47575  |U I200  |Y 179  |7 A000047575 
856 4 |a info a plný text  |u http://is.stuba.sk/zp/portal_zp.pl?podrobnosti=65139  |3 VAIS 
996 |b IBAP76/13  |c I*BAP76/13  |l II680  |s A  |a 24  |w stu275714_0001